PSY Charting Songs (Billboard Hot Dance) - Statistics

General Stats
  • This quiz has been taken 19 times
  • The average score is 5 of 6
Answer Stats
Album Weeks On Peak Artist(s) Song % Correct
PSY 6 (Six Rules), Part 1 13 Weeks #4 PSY Gangnam Style
100%
Non-Album Single 20 Weeks #1 PSY Gentleman
91%
Non-Album Single 21 Weeks #4 PSY ft. Snoop Dogg Hangover
82%
Chiljip PSY-da 20 Weeks #6 PSY ft. CL Daddy
73%
4X2=8 3 Weeks #27 PSY New Face
64%
4X2=8 2 Weeks #29 PSY I LUV IT
45%
No matching quizzes found
Score Distribution
Percent of People with Each Score
Percentile by Number Answered
Your Score History
You have not taken this quiz